[Event "XIII Festival A"]
[Site "Robecchetto con Induno ITA"]
[Date "2000.01.02"]
[Round "1"]
[White "Barlocco, Carlo"]
[Black "Tortora, Franco"]
[Result "1-0"]
[WhiteElo "2170"]
[BlackElo "1801"]
[PlyCount "59"]
[EventDate "2000.01.02"]

1. d4 Nf6 2. Nf3 c5 3. c3 d5 4. dxc5 Nc6 5. b4 a5 6. b5 Na7 7. c4 Bf5 8. Nc3 e6
9. Be3 Be7 10. g3 Ne4 11. Rc1 Nxc3 12. Rxc3 O-O 13. Bg2 Be4 14. O-O Bf6 15. Bd4
dxc4 16. Bxf6 Qxf6 17. Rxc4 Bd5 18. Rf4 Qe7 19. a4 Qxc5 20. Qd2 b6 21. Rc1 Qe7
22. Qe3 Rab8 23. Rd4 Qb7 24. Qd3 Rbc8 25. Rd1 Qa8 26. Ng5 g6 27. Bxd5 exd5 28.
Rxd5 Rce8 29. Qd4 Nc8 30. Ne4 1-0

[Event "XIII Festival A"]
[Site "Robecchetto con Induno ITA"]
[Date "2000.01.02"]
[Round "1"]
[White "Bianchi, Alberto"]
[Black "Inkiov, Ventzislav V."]
[Result "0-1"]
[WhiteElo "1981"]
[BlackElo "2438"]
[PlyCount "84"]
[EventDate "2000.01.02"]

1. Nf3 Nf6 2. g3 d5 3. Bg2 c5 4. O-O Nc6 5. d4 e6 6. c4 dxc4 7. Qa4 Bd7 8. Qxc4
b5 9. Qc2 cxd4 10. Bf4 Rc8 11. Qd1 Bc5 12. Nbd2 Nd5 13. Nb3 Nxf4 14. Nxc5 Nxg2
15. Kxg2 e5 16. e3 O-O 17. Nxd7 Qxd7 18. Qd3 Qd5 19. e4 Qc5 20. Rac1 Qb6 21. a3
f6 22. h4 Na5 23. h5 Qb7 24. Nh4 Rxc1 25. Rxc1 f5 26. f3 fxe4 27. Qxe4 Qxe4 28.
fxe4 Nc4 29. Nf5 g6 30. hxg6 hxg6 31. Ne7+ Kg7 32. Nd5 Rf7 33. a4 a6 34. axb5
axb5 35. b3 Nd2 36. Nc7 Nxe4 37. Nxb5 d3 38. Rd1 d2 39. Na3 Rf2+ 40. Kg1 Re2
41. Nc2 Nc3 42. Kf1 Rh2 0-1

[Event "XIII Festival A"]
[Site "Robecchetto con Induno ITA"]
[Date "2000.01.02"]
[Round "1"]
[White "Caselli, Luigi"]
[Black "Recanatini, Italo"]
[Result "1-0"]
[WhiteElo "2321"]
[BlackElo "1839"]
[PlyCount "115"]
[EventDate "2000.01.02"]

1. d4 d5 2. Bg5 c6 3. Nf3 Bf5 4. e3 Nd7 5. Bd3 Bg6 6. Bxg6 hxg6 7. Qd3 Ngf6 8.
Nbd2 e6 9. e4 dxe4 10. Nxe4 Be7 11. Bf4 Nxe4 12. Qxe4 Qa5+ 13. Bd2 Qf5 14. Qxf5
gxf5 15. O-O-O f6 16. Rhe1 Kf7 17. h4 Rad8 18. Re2 Bd6 19. Bc3 Bf4+ 20. Bd2
Bxd2+ 21. Rexd2 Nb6 22. g3 Nc4 23. Re2 Rd7 24. Rde1 Re8 25. b3 Nb6 26. c4 Na8
27. Kc2 Nc7 28. Kc3 b5 29. Rd2 e5 30. dxe5 Rxd2 31. Kxd2 bxc4 32. bxc4 Na6 33.
exf6 Rd8+ 34. Kc3 gxf6 35. Nd4 Nc5 36. Nxc6 Rd3+ 37. Kc2 Ra3 38. Re7+ Kg6 39.
Rxa7 Rf3 40. Ne7+ Kh5 41. Ra5 Rxf2+ 42. Kd1 Ne4 43. Rxf5+ Rxf5 44. Nxf5 Nc3+
45. Kd2 Nxa2 46. Ne3 Nb4 47. Nd5 Nc6 48. Nxf6+ Kg6 49. Nd5 Kf5 50. Ne3+ Ke4 51.
h5 Ne5 52. h6 Nf3+ 53. Ke2 Ng5 54. c5 Ke5 55. Kd3 Kf6 56. Kd4 Ke6 57. Kc4 Kf7
58. Kd5 1-0

[Event "XIII Festival A"]
[Site "Robecchetto con Induno ITA"]
[Date "2000.01.02"]
[Round "1"]
[White "Trotto, Pierangelo"]
[Black "Ausmins, Elmar"]
[Result "0-1"]
[WhiteElo "1803"]
[BlackElo "2255"]
[PlyCount "68"]
[EventDate "2000.01.02"]

1. e4 c5 2. Nf3 d6 3. d4 cxd4 4. Nxd4 Nf6 5. Nc3 Nc6 6. Be3 e5 7. Nb3 Be6 8.
Be2 Be7 9. O-O O-O 10. Qd2 a6 11. a4 Rc8 12. a5 Nb4 13. Rfd1 Qe8 14. f3 Qc6 15.
Ra4 Nxc2 16. Nc5 Nxe3 17. Nxe6 Nxd1 18. Rc4 Qxc4 19. Bxc4 Rxc4 20. Nxf8 Nxc3
21. bxc3 Bxf8 22. Qb2 Rc5 23. Qxb7 Rxa5 24. Kf2 Ra2+ 25. Kg3 g6 26. h4 Nh5+ 27.
Kh2 Nf4 28. Qb6 Rxg2+ 29. Kh1 Ra2 30. Qb3 Rg2 31. c4 Rd2 32. Qa4 Rd3 33. Qxa6
Rxf3 34. Qa1 Ne6 0-1

[Event "XIII Festival A"]
[Site "Robecchetto con Induno ITA"]
[Date "2000.01.03"]
[Round "2"]
[White "Ausmins, Elmar"]
[Black "Barlocco, Carlo"]
[Result "1-0"]
[WhiteElo "2255"]
[BlackElo "2170"]
[PlyCount "81"]
[EventDate "2000.01.02"]

1. d4 d5 2. Nf3 Nf6 3. c4 c6 4. Nc3 a6 5. e3 Bf5 6. Qb3 Ra7 7. a4 e6 8. Nh4 Bg6
9. Nxg6 hxg6 10. c5 e5 11. Be2 Be7 12. a5 Nbd7 13. Bd2 Nf8 14. Qb6 Qb8 15. h3
Ne6 16. Qb4 O-O 17. O-O-O Re8 18. h4 Bf8 19. g3 Nc7 20. h5 gxh5 21. Bxh5 Nxh5
22. Rxh5 g6 23. Rh4 Bg7 24. Rdh1 Qc8 25. dxe5 Bxe5 26. Ne2 Nb5 27. Rh7 Qd8 28.
Qg4 Ra8 29. Nf4 Qf6 30. Nd3 Kf8 31. Qd7 Re7 32. Nxe5 Qxe5 33. Rh8+ Kg7 34. Qh3
Ree8 35. Rh7+ Kf6 36. f4 Qe4 37. f5 Qc4+ 38. Kd1 Qa4+ 39. Ke1 gxf5 40. Rxf7+
Kxf7 41. Qxf5+ 1-0

[Event "XIII Festival A"]
[Site "Robecchetto con Induno ITA"]
[Date "2000.01.03"]
[Round "2"]
[White "Bianchi, Alberto"]
[Black "Caselli, Luigi"]
[Result "1/2-1/2"]
[WhiteElo "1981"]
[BlackElo "2321"]
[PlyCount "22"]
[EventDate "2000.01.02"]

1. Nf3 Nf6 2. d4 d5 3. c4 e6 4. Nc3 Be7 5. g3 O-O 6. Bg2 b6 7. O-O Bb7 8. b3
Nbd7 9. Bb2 c5 10. cxd5 Nxd5 11. dxc5 Nxc5 1/2-1/2

[Event "XIII Festival A"]
[Site "Robecchetto con Induno ITA"]
[Date "2000.01.03"]
[Round "2"]
[White "Inkiov, Ventzislav V."]
[Black "Tortora, Franco"]
[Result "1-0"]
[WhiteElo "2438"]
[BlackElo "1801"]
[PlyCount "53"]
[EventDate "2000.01.02"]

1. d4 Nf6 2. c4 c5 3. e3 e6 4. Nf3 d5 5. Nc3 Be7 6. a3 Nc6 7. dxc5 Bxc5 8. b4
Bb6 9. Bb2 O-O 10. Qc2 Qe7 11. Rd1 Rd8 12. Be2 d4 13. exd4 Nxd4 14. Nxd4 Bxd4
15. O-O e5 16. Nb5 Bxb2 17. Rxd8+ Qxd8 18. Qxb2 Qe7 19. c5 Bf5 20. Nd6 Bg6 21.
Re1 e4 22. Bf1 Rd8 23. f4 Rxd6 24. cxd6 Qxd6 25. Qe5 Qd8 26. Rd1 Qc8 27. Qe7
1-0

[Event "XIII Festival A"]
[Site "Robecchetto con Induno ITA"]
[Date "2000.01.03"]
[Round "2"]
[White "Recanatini, Italo"]
[Black "Trotto, Pierangelo"]
[Result "1-0"]
[WhiteElo "1839"]
[BlackElo "1803"]
[PlyCount "57"]
[EventDate "2000.01.02"]

1. e4 c5 2. Nf3 d6 3. Bc4 a6 4. c3 Nf6 5. e5 dxe5 6. Nxe5 e6 7. d4 Be7 8. Be3
cxd4 9. Bxd4 O-O 10. Nd2 b5 11. Be2 Bb7 12. Bf3 Nd5 13. Qc2 f6 14. Nd3 e5 15.
Bc5 f5 16. Bxd5+ Bxd5 17. Bxe7 Qxe7 18. O-O-O Nc6 19. a3 Nd4 20. cxd4 Rfc8 21.
Nc5 exd4 22. b4 a5 23. Qxf5 Rxc5+ 24. bxc5 Qxc5+ 25. Kb2 Qc3+ 26. Kb1 Bc4 27.
Nxc4 bxc4 28. Qd5+ Kf8 29. Qxa8+ 1-0

[Event "XIII Festival A"]
[Site "Robecchetto con Induno ITA"]
[Date "2000.01.03"]
[Round "3"]
[White "Barlocco, Carlo"]
[Black "Recanatini, Italo"]
[Result "1/2-1/2"]
[WhiteElo "2170"]
[BlackElo "1839"]
[PlyCount "108"]
[EventDate "2000.01.02"]

1. d4 d5 2. Nf3 Nf6 3. Bf4 e6 4. e3 Bd6 5. Bg3 h6 6. c4 dxc4 7. Bxc4 Bxg3 8.
hxg3 Nbd7 9. Nc3 a6 10. Qe2 Nb6 11. Bb3 Bd7 12. O-O-O Qe7 13. Ne5 O-O-O 14. e4
Rhe8 15. Kb1 Kb8 16. g4 Bc8 17. Qe3 Nfd7 18. Nf3 Nf8 19. g5 hxg5 20. Nxg5 f6
21. Nf3 g5 22. Ne1 Ng6 23. Nd3 Rh8 24. g3 Rxh1 25. Rxh1 Rh8 26. Rxh8 Nxh8 27.
Qf3 Nf7 28. Qh5 Nd6 29. Qh8 Ndc4 30. Bd1 f5 31. a3 Ka7 32. Ka2 Bd7 33. Ne5 Nxe5
34. Qxe5 Qd6 35. Bb3 Qxe5 36. dxe5 c5 37. exf5 c4 38. Bd1 exf5 39. f4 gxf4 40.
gxf4 Be6 41. Kb1 Nd7 42. Ne2 Kb6 43. Nd4 Nf8 44. Bc2 Kc5 45. Nxf5 Ng6 46. Nd6
Nxf4 47. Nxb7+ Kd5 48. Bd1 Kxe5 49. Nc5 Bc8 50. Na4 Kd4 51. Nc3 Bf5+ 52. Ka2
Nd3 53. a4 Bd7 54. Bf3 Nb4+ 1/2-1/2

[Event "XIII Festival A"]
[Site "Robecchetto con Induno ITA"]
[Date "2000.01.03"]
[Round "3"]
[White "Caselli, Luigi"]
[Black "Inkiov, Ventzislav V."]
[Result "1/2-1/2"]
[WhiteElo "2321"]
[BlackElo "2438"]
[PlyCount "96"]
[EventDate "2000.01.02"]

1. e4 c5 2. Nf3 d6 3. d4 cxd4 4. Nxd4 Nf6 5. Nc3 Nc6 6. Be3 e5 7. Nde2 Be6 8.
Bg5 Be7 9. Bxf6 Bxf6 10. Nd5 Bg5 11. Nec3 O-O 12. h4 Bh6 13. g4 Bf4 14. g5 Qa5
15. Bc4 Qc5 16. Bb3 b5 17. Qd3 Nd4 18. Nxf4 exf4 19. O-O-O Nxb3+ 20. axb3 b4
21. Nd5 Bxd5 22. Qxd5 Qxf2 23. Qxd6 a5 24. Qd4 Qxd4 25. Rxd4 f6 26. gxf6 Rxf6
27. e5 Rf5 28. e6 Re8 29. Rf1 f3 30. Rd3 Rxe6 31. Rdxf3 Rxf3 32. Rxf3 g6 33.
Rf4 Re1+ 34. Kd2 Rb1 35. Re4 h5 36. Re1 Rxe1 37. Kxe1 Kg7 38. Kf2 Kf6 39. c4
bxc3 40. bxc3 g5 41. hxg5+ Kxg5 42. c4 Kf4 43. Kg2 Ke4 44. Kh3 Kd4 45. Kh4 a4
46. bxa4 Kxc4 47. Kxh5 Kb4 48. Kg4 Kxa4 1/2-1/2

[Event "XIII Festival A"]
[Site "Robecchetto con Induno ITA"]
[Date "2000.01.03"]
[Round "3"]
[White "Tortora, Franco"]
[Black "Ausmins, Elmar"]
[Result "1-0"]
[WhiteElo "1801"]
[BlackElo "2255"]
[PlyCount "127"]
[EventDate "2000.01.02"]

1. d4 Nf6 2. c4 g6 3. Nc3 Bg7 4. e4 O-O 5. Nge2 d6 6. Ng3 c5 7. d5 e6 8. Be2
exd5 9. exd5 Re8 10. O-O Nbd7 11. Bf4 Ne5 12. h3 a6 13. a4 Qb6 14. Qd2 Qb4 15.
Nb1 Bd7 16. a5 b5 17. axb6 Qxb6 18. Nc3 Qb4 19. Nd1 Reb8 20. Qc1 a5 21. Bd2 Qb6
22. f4 Nxc4 23. Bxc4 h5 24. Re1 h4 25. Nf1 Qb7 26. Nfe3 Nh5 27. f5 gxf5 28. Bc3
Bh6 29. Qc2 Qc8 30. Rxa5 Rxa5 31. Bxa5 f4 32. Nf1 Bf5 33. Qe2 Nf6 34. Qe7 Bg5
35. Qxd6 Ne4 36. Qc7 Qf8 37. Qe5 Nd6 38. b3 Re8 39. Qc3 Ne4 40. Qf3 Ra8 41. Bc7
Nd6 42. Nc3 Bf6 43. Nb5 Nxb5 44. Bxb5 c4 45. d6 cxb3 46. Qxb3 Rc8 47. Nd2 Qg7
48. Re8+ Rxe8 49. Bxe8 Be6 50. Qf3 Bd4+ 51. Kh1 Qe5 52. Qe4 Qc5 53. Nf3 Be3 54.
Qc6 Qf5 55. d7 Bf2 56. Bxf7+ Kxf7 57. d8=N+ Kg7 58. Nxe6+ Kf7 59. Qd7+ Kf6 60.
Bd8+ Kg6 61. Qe8+ Kh7 62. Nfg5+ Kh6 63. Qh8+ Kg6 64. Qh7# 1-0

[Event "XIII Festival A"]
[Site "Robecchetto con Induno ITA"]
[Date "2000.01.03"]
[Round "3"]
[White "Trotto, Pierangelo"]
[Black "Bianchi, Alberto"]
[Result "0-1"]
[WhiteElo "1803"]
[BlackElo "1981"]
[PlyCount "80"]
[EventDate "2000.01.02"]

1. e4 e5 2. Nf3 Nc6 3. Bb5 a6 4. Bxc6 dxc6 5. O-O Bg4 6. d3 Bd6 7. Be3 Ne7 8.
Nbd2 Ng6 9. h3 Be6 10. c3 f6 11. Nb3 b6 12. d4 O-O 13. dxe5 fxe5 14. Ng5 Qf6
15. Nxe6 Qxe6 16. Kh2 Rf7 17. Qg4 Qe7 18. Rad1 Raf8 19. Rd2 Nf4 20. Rfd1 Rf6
21. Qg3 Rg6 22. Qf3 Rxg2+ 23. Kh1 Rg6 24. Rg1 Rxg1+ 25. Kxg1 Qh4 26. Kh2 Ng6
27. Qg4 Qe7 28. Bg5 Qf7 29. Be3 c5 30. Nc1 Nf4 31. Bxf4 Qxf4+ 32. Qxf4 Rxf4 33.
Re2 c4 34. Kg2 Kf7 35. f3 Ke6 36. Rd2 Rf8 37. Kg3 b5 38. Ne2 c5 39. Kg4 a5 40.
Ng3 Rf4+ 0-1

[Event "XIII Festival A"]
[Site "Robecchetto con Induno ITA"]
[Date "2000.01.04"]
[Round "4"]
[White "Bianchi, Alberto"]
[Black "Barlocco, Carlo"]
[Result "0-1"]
[WhiteElo "1981"]
[BlackElo "2170"]
[PlyCount "138"]
[EventDate "2000.01.02"]

1. c4 c5 2. Nf3 Nf6 3. Nc3 g6 4. g3 Bg7 5. Bg2 O-O 6. O-O d5 7. cxd5 Nxd5 8.
Nxd5 Qxd5 9. e3 Qd3 10. Ne1 Qd6 11. Qb3 Nc6 12. d3 Rd8 13. Bd2 Rb8 14. Bc3 e5
15. f4 Be6 16. Qc2 b5 17. b3 Rbc8 18. Rd1 Nb4 19. Qb2 f6 20. a3 Nd5 21. Bxd5
Qxd5 22. fxe5 fxe5 23. Nf3 Qxb3 24. Qxb3 Bxb3 25. Rd2 Re8 26. Rb1 Bd5 27. e4
Bc6 28. g4 c4 29. Re1 Rcd8 30. dxc4 Rxd2 31. Nxd2 Rd8 32. cxb5 Bxb5 33. Bb4 Rd3
34. Rc1 Bh6 35. Rc8+ Kf7 36. Nc4 Bxc4 37. Rxc4 Be3+ 38. Kg2 h5 39. Rc7+ Kf6 40.
gxh5 gxh5 41. h4 Rd4 42. Rc6+ Kf7 43. Rc7+ Ke6 44. Rxa7 Rxb4 45. Rh7 Ra4 46.
Rxh5 Bf4 47. Rh8 Rxa3 48. h5 Kf6 49. Rf8+ Kg5 50. Rf5+ Kg4 51. h6 Ra2+ 52. Kf1
Rh2 53. Rf6 Bxh6 54. Kg1 Bf4 55. Rxf4+ Kxf4 56. Kxh2 Kxe4 57. Kg2 Kd3 58. Kf2
e4 59. Ke1 Ke3 60. Kd1 Kf2 61. Kc2 e3 62. Kc3 e2 63. Kc4 e1=Q 64. Kd5 Kf3 65.
Kd4 Qe3+ 66. Kd5 Kf4 67. Kc6 Qe5 68. Kb7 Qd6 69. Ka8 Qd7 0-1

[Event "XIII Festival A"]
[Site "Robecchetto con Induno ITA"]
[Date "2000.01.04"]
[Round "4"]
[White "Caselli, Luigi"]
[Black "Trotto, Pierangelo"]
[Result "1-0"]
[WhiteElo "2321"]
[BlackElo "1803"]
[PlyCount "67"]
[EventDate "2000.01.02"]

1. d4 d5 2. Bg5 Nf6 3. Bxf6 gxf6 4. c4 Bg7 5. cxd5 Qxd5 6. Nc3 Qa5 7. e3 c5 8.
Bb5+ Nc6 9. Qh5 a6 10. Bxc6+ bxc6 11. Qxc5 Qxc5 12. dxc5 f5 13. Nge2 e5 14. O-O
Ke7 15. Rfd1 Rd8 16. Rxd8 Kxd8 17. Na4 Rb8 18. Nb6 Be6 19. b4 Kc7 20. Rd1 Rb7
21. f4 f6 22. Rd6 Rxb6 23. Rxe6 Rb7 24. Re7+ Kb8 25. Rxb7+ Kxb7 26. Kf2 a5 27.
a3 axb4 28. axb4 Kc7 29. Ng3 Kd7 30. Nxf5 Bf8 31. fxe5 Ke6 32. e4 Kxe5 33. Ke3
h5 34. g3 1-0

[Event "XIII Festival A"]
[Site "Robecchetto con Induno ITA"]
[Date "2000.01.04"]
[Round "4"]
[White "Inkiov, Ventzislav V."]
[Black "Ausmins, Elmar"]
[Result "1-0"]
[WhiteElo "2438"]
[BlackElo "2255"]
[PlyCount "65"]
[EventDate "2000.01.02"]

1. d4 Nf6 2. c4 g6 3. Nc3 Bg7 4. e4 O-O 5. f4 d6 6. Nf3 c5 7. d5 b5 8. cxb5 a6
9. bxa6 Qa5 10. Bd2 Nxa6 11. Bc4 Rb8 12. b3 Qb6 13. O-O Nc7 14. e5 dxe5 15.
fxe5 Ng4 16. Qe2 Nh6 17. Bxh6 Bxh6 18. Rad1 Qa5 19. Ne4 Nb5 20. Qf2 Na3 21. Qh4
Be3+ 22. Kh1 Nxc4 23. bxc4 h5 24. Qxe7 Bf5 25. Qh4 Qxa2 26. Nf6+ Kh8 27. Nxh5
gxh5 28. Qf6+ Kg8 29. Qxf5 Rb6 30. d6 Qe2 31. Rde1 Qxc4 32. Ng5 Bxg5 33. Qxg5+
1-0

[Event "XIII Festival A"]
[Site "Robecchetto con Induno ITA"]
[Date "2000.01.04"]
[Round "4"]
[White "Recanatini, Italo"]
[Black "Tortora, Franco"]
[Result "1-0"]
[WhiteElo "1839"]
[BlackElo "1801"]
[PlyCount "73"]
[EventDate "2000.01.02"]

1. Nf3 Nf6 2. d4 c5 3. e3 d5 4. c4 e6 5. cxd5 exd5 6. Bb5+ Bd7 7. Bxd7+ Nbxd7
8. dxc5 Bxc5 9. O-O O-O 10. b3 Qe7 11. Bb2 Rad8 12. Nc3 Nb6 13. Ne2 Rfe8 14.
Ned4 Na8 15. Nf5 Qe6 16. Qc2 Bf8 17. Ng5 Qc8 18. Qxc8 Rxc8 19. Bxf6 gxf6 20.
Nh3 Re5 21. Nd4 a6 22. Rac1 Rce8 23. Rfd1 Bh6 24. Kf1 Bf8 25. Ng1 Bd6 26. Ngf3
Rh5 27. g4 Rh3 28. Kg2 Rxf3 29. Nxf3 Nc7 30. Nd4 Ne6 31. Nf5 Ba3 32. Rc2 Nc5
33. Rxd5 b6 34. h4 h5 35. Nh6+ Kg7 36. Rxh5 Kg6 37. Nf5 1-0

[Event "XIII Festival A"]
[Site "Robecchetto con Induno ITA"]
[Date "2000.01.04"]
[Round "5"]
[White "Ausmins, Elmar"]
[Black "Recanatini, Italo"]
[Result "1-0"]
[WhiteElo "2255"]
[BlackElo "1839"]
[PlyCount "93"]
[EventDate "2000.01.02"]

1. d4 d5 2. Nf3 Nf6 3. c4 c6 4. Nc3 e6 5. Bg5 Be7 6. e3 h6 7. Bxf6 Bxf6 8. Qc2
Nd7 9. a3 dxc4 10. Bxc4 Nb6 11. Ba2 Bd7 12. e4 g6 13. O-O O-O 14. Rad1 Kh7 15.
e5 Bg7 16. Ne4 Qc7 17. h4 Nd5 18. Bb1 f5 19. exf6 Nxf6 20. Ne5 Be8 21. Nc5 Qe7
22. Nxg6 Bxg6 23. Qxg6+ Kg8 24. Rfe1 Qf7 25. Nxe6 Qxg6 26. Bxg6 Rfc8 27. Nxg7
Kxg7 28. Bf5 Re8 29. Re5 Rad8 30. Rde1 Kf7 31. Rxe8 Nxe8 32. Rd1 Kf6 33. g4 Ng7
34. Be4 c5 35. d5 Ke5 36. f3 Ne8 37. Kg2 Nd6 38. Re1 b6 39. Kg3 Rf8 40. f4+ Kd4
41. Bf3 Nc4 42. Re2 Kd3 43. f5 Ne3 44. Kf2 Nd1+ 45. Ke1 Ne3 46. Rd2+ Kc4 47.
Be2+ 1-0

[Event "XIII Festival A"]
[Site "Robecchetto con Induno ITA"]
[Date "2000.01.04"]
[Round "5"]
[White "Barlocco, Carlo"]
[Black "Caselli, Luigi"]
[Result "1-0"]
[WhiteElo "2170"]
[BlackElo "2321"]
[PlyCount "111"]
[EventDate "2000.01.02"]

1. d4 d5 2. c4 e6 3. Nf3 Be7 4. e3 Nf6 5. Nc3 O-O 6. Be2 b6 7. cxd5 exd5 8. O-O
Bb7 9. Bd2 Nbd7 10. Rc1 c5 11. Qc2 Rc8 12. Rfd1 Qc7 13. Qf5 g6 14. Qh3 Rfe8 15.
Ng5 Rcd8 16. f4 Nf8 17. f5 Bc8 18. Bd3 Qd6 19. Nf3 a6 20. Ne5 N8d7 21. Nf3 Bf8
22. fxg6 hxg6 23. Qh4 Bg7 24. Rf1 Nf8 25. Rce1 Re7 26. Ng5 Rde8 27. Rf3 Ne6 28.
Ref1 Nxg5 29. Qxg5 Ne4 30. Bxe4 dxe4 31. R3f2 Bb7 32. dxc5 bxc5 33. Na4 Bd5 34.
Bc3 Bc4 35. Rc1 Bxa2 36. Bxg7 Kxg7 37. Qxc5 Qd3 38. Qc3+ Kg8 39. Rd2 Qb5 40.
Qa3 Bc4 41. Nc3 Qb6 42. Rd4 Bd3 43. Nd5 Qe6 44. Nxe7+ Rxe7 45. Qd6 Qxd6 46.
Rxd6 Rb7 47. Rf6 Rxb2 48. g4 a5 49. Rc7 a4 50. Rfxf7 a3 51. Rfd7 Rb8 52. Ra7
Bb5 53. Re7 g5 54. Rg7+ Kh8 55. Rxg5 Bd3 56. Rxa3 1-0

[Event "XIII Festival A"]
[Site "Robecchetto con Induno ITA"]
[Date "2000.01.04"]
[Round "5"]
[White "Tortora, Franco"]
[Black "Bianchi, Alberto"]
[Result "1-0"]
[WhiteElo "1801"]
[BlackElo "1981"]
[PlyCount "95"]
[EventDate "2000.01.02"]

1. d4 Nf6 2. c4 e6 3. g3 Be7 4. Bg2 O-O 5. Nf3 d5 6. O-O Nbd7 7. Qc2 c6 8. Rd1
Bd6 9. b3 Re8 10. Bb2 Nf8 11. Ne5 N6d7 12. f4 Ng6 13. Nd2 f5 14. Nd3 Nf6 15.
Rac1 Ne4 16. Nf1 Nh8 17. h3 Nf6 18. Nd2 Nf7 19. Ne5 Nh5 20. Kh2 g5 21. Bf3 Ng7
22. e3 Qf6 23. Bh1 h5 24. Ndf3 g4 25. Nxf7 Qxf7 26. Ne5 Bxe5 27. dxe5 gxh3 28.
cxd5 exd5 29. Kxh3 Be6 30. Bf3 Qg6 31. Rh1 Kf7 32. Kg2 Rh8 33. Rh4 Rag8 34. Kf2
Ne8 35. Rg1 Ke7 36. Qc5+ Kd7 37. Qxa7 Kc8 38. Be2 Nc7 39. Qc5 Rh7 40. Bc3 Bf7
41. b4 Ne6 42. Qa7 Qg7 43. b5 Rd8 44. bxc6 Be8 45. cxb7+ Qxb7 46. Ba6 Bc6 47.
Bxb7+ Rxb7 48. Qa6 1-0

[Event "XIII Festival A"]
[Site "Robecchetto con Induno ITA"]
[Date "2000.01.04"]
[Round "5"]
[White "Trotto, Pierangelo"]
[Black "Inkiov, Ventzislav V."]
[Result "1/2-1/2"]
[WhiteElo "1803"]
[BlackElo "2438"]
[PlyCount "118"]
[EventDate "2000.01.02"]

1. e4 c5 2. Nf3 d6 3. d4 cxd4 4. Nxd4 Nf6 5. Nc3 Nc6 6. Bg5 e6 7. Qd2 Be7 8.
O-O-O Nxd4 9. Qxd4 O-O 10. Bc4 Qa5 11. Bxf6 Bxf6 12. Qxd6 Bxc3 13. bxc3 Qxc3
14. Bb3 a5 15. Qd4 Qc6 16. c3 a4 17. Bc2 b6 18. Rd3 Bb7 19. Rg3 f6 20. Rd1 Rf7
21. Qb4 Qc5 22. Qxc5 bxc5 23. Rgd3 Rc7 24. Rd8+ Rxd8 25. Rxd8+ Kf7 26. f3 Bc6
27. Rb8 Ke7 28. Rb6 e5 29. Ra6 Bb5 30. Ra8 Bf1 31. g3 Rb7 32. Rxa4 Be2 33. f4
exf4 34. gxf4 h5 35. Kd2 Bg4 36. Ra5 Be6 37. Rxc5 Rb2 38. Kd3 Rxa2 39. Rxh5 Kd6
40. Rb5 Kc6 41. Rb4 Ra8 42. Bb3 Bxb3 43. Rxb3 Rh8 44. Rb2 Kc5 45. Rg2 Rh3+ 46.
Rg3 Rxh2 47. Rxg7 Rh3+ 48. Kc2 Rh4 49. Re7 Rxf4 50. Kb3 Kd6 51. Rh7 Rxe4 52. c4
f5 53. Kb4 Rf4 54. Kb5 Rf1 55. c5+ Kd5 56. Rd7+ Ke4 57. Re7+ Kd5 58. Rd7+ Ke4
59. Re7+ Kd5 1/2-1/2

[Event "XIII Festival A"]
[Site "Robecchetto con Induno ITA"]
[Date "2000.01.05"]
[Round "6"]
[White "Bianchi, Alberto"]
[Black "Ausmins, Elmar"]
[Result "0-1"]
[WhiteElo "1981"]
[BlackElo "2255"]
[PlyCount "125"]
[EventDate "2000.01.02"]

1. Nf3 Nf6 2. c4 g6 3. Nc3 Bg7 4. g3 O-O 5. Bg2 c5 6. O-O Nc6 7. d4 cxd4 8.
Nxd4 a6 9. Nxc6 bxc6 10. Rb1 Bb7 11. Bg5 h6 12. Be3 Kh7 13. Qb3 Qc7 14. Rfd1 d6
15. Bb6 Qc8 16. Na4 c5 17. Ba5 Bxg2 18. Kxg2 Qc6+ 19. Kg1 Qe4 20. Qd3 Qg4 21.
Bc3 e5 22. f3 Qe6 23. Nb6 Rad8 24. Nd5 Nxd5 25. Qxd5 Qh3 26. Qc6 h5 27. Rd3 h4
28. Be1 f5 29. e4 d5 30. Rxd5 fxe4 31. Rxd8 Rxd8 32. Qxe4 Rd4 33. Qe2 Qf5 34.
Rd1 e4 35. g4 Qf4 36. fxe4 Rxe4 37. Qg2 Bd4+ 38. Kh1 Qxg4 39. Qxg4 Rxg4 40. h3
Re4 41. b4 cxb4 42. Bxb4 Be5 43. Rd7+ Kg8 44. a3 Rxc4 45. Re7 Bc3 46. Re6 a5
47. Bxc3 Rxc3 48. Rxg6+ Kf7 49. Rh6 Rxh3+ 50. Kg2 Rg3+ 51. Kf2 Rg4 52. Ra6 Ra4
53. Rh6 Kg7 54. Rh5 Kg6 55. Rh8 Kg5 56. Rg8+ Kf4 57. Rh8 Kg4 58. Kg2 Rxa3 59.
Rg8+ Kf5 60. Kf1 Ke4 61. Kg2 h3+ 62. Kh2 a4 63. Kh1 0-1

[Event "XIII Festival A"]
[Site "Robecchetto con Induno ITA"]
[Date "2000.01.05"]
[Round "6"]
[White "Caselli, Luigi"]
[Black "Tortora, Franco"]
[Result "1-0"]
[WhiteElo "2321"]
[BlackElo "1801"]
[PlyCount "58"]
[EventDate "2000.01.02"]

1. d4 Nf6 2. Bg5 Ne4 3. Bf4 d5 4. f3 Nf6 5. e4 dxe4 6. Nc3 e3 7. Bxe3 c6 8. Bc4
Qa5 9. Nge2 Bf5 10. O-O e6 11. Qd2 Bd6 12. Ne4 Qd8 13. Nxd6+ Qxd6 14. Bb3 Na6
15. Bf4 Qb4 16. c3 Qb6 17. Be5 Nd7 18. Bxg7 Rg8 19. Bh6 O-O-O 20. Ng3 Bg6 21.
Be3 Qc7 22. Bf4 Qb6 23. Ne4 Bxe4 24. fxe4 Nf6 25. Qe2 Qa5 26. Be5 Ng4 27. Bg3
Rg7 28. Rxf7 Rxf7 29. Bxe6+ Rfd7 1-0

[Event "XIII Festival A"]
[Site "Robecchetto con Induno ITA"]
[Date "2000.01.05"]
[Round "6"]
[White "Inkiov, Ventzislav V."]
[Black "Recanatini, Italo"]
[Result "1-0"]
[WhiteElo "2438"]
[BlackElo "1839"]
[PlyCount "93"]
[EventDate "2000.01.02"]

1. e4 e5 2. Bc4 Nc6 3. Nf3 Be7 4. O-O Nf6 5. d3 h6 6. a4 O-O 7. Re1 d6 8. c3 a6
9. Nbd2 Be6 10. a5 Nd7 11. d4 Bxc4 12. Nxc4 Bf6 13. Be3 b5 14. axb6 Nxb6 15.
Qb3 exd4 16. cxd4 Re8 17. Rac1 Nb8 18. e5 Nxc4 19. Rxc4 dxe5 20. dxe5 Bxe5 21.
Nxe5 Rxe5 22. Qb7 Nd7 23. Rd4 Re8 24. Rc1 Rb8 25. Qc6 Re7 26. Rcd1 Rxb2 27. h3
Rxe3 28. fxe3 Qf6 29. Qe4 Nf8 30. Rd8 g6 31. Qa8 Qg7 32. Rxf8+ Qxf8 33. Rd8
Rb1+ 34. Kf2 Qxd8 35. Qxd8+ Kg7 36. Qxc7 Rb5 37. g4 a5 38. e4 Rb2+ 39. Kf3 Rb3+
40. Kf4 a4 41. h4 a3 42. Qa7 Rh3 43. e5 h5 44. e6 Rxh4 45. Qxf7+ Kh6 46. Qf8+
Kh7 47. Qe7+ 1-0

[Event "XIII Festival A"]
[Site "Robecchetto con Induno ITA"]
[Date "2000.01.05"]
[Round "6"]
[White "Trotto, Pierangelo"]
[Black "Barlocco, Carlo"]
[Result "0-1"]
[WhiteElo "1803"]
[BlackElo "2170"]
[PlyCount "58"]
[EventDate "2000.01.02"]

1. e4 d5 2. exd5 Nf6 3. d4 Bg4 4. Nf3 Qxd5 5. Be2 e6 6. O-O Nc6 7. Nc3 Qd7 8.
Bf4 O-O-O 9. Be3 Bxf3 10. Bxf3 Nxd4 11. Bxd4 Qxd4 12. Qe2 Bd6 13. Nb5 Qe5 14.
Qxe5 Bxe5 15. Nxa7+ Kb8 16. Rfe1 Bxh2+ 17. Kxh2 Kxa7 18. Re3 Rd2 19. Rc3 c6 20.
Kg3 Rhd8 21. Re1 Nd5 22. Bxd5 R8xd5 23. Rf1 Re5 24. Rd3 Rxc2 25. Rd7 Rg5+ 26.
Kf3 Rf5+ 27. Ke3 h5 28. f3 Rxg2 29. Rc1 Kb6 0-1

[Event "XIII Festival A"]
[Site "Robecchetto con Induno ITA"]
[Date "2000.01.05"]
[Round "7"]
[White "Ausmins, Elmar"]
[Black "Caselli, Luigi"]
[Result "1-0"]
[WhiteElo "2255"]
[BlackElo "2321"]
[PlyCount "107"]
[EventDate "2000.01.02"]

1. d4 d5 2. Nf3 e6 3. c4 Be7 4. Nc3 Nf6 5. Bf4 O-O 6. e3 b6 7. Qc2 c5 8. a3
cxd4 9. exd4 Bb7 10. Rd1 Nbd7 11. cxd5 Nxd5 12. Nxd5 Bxd5 13. Bd3 Nf6 14. O-O
Bxf3 15. gxf3 g6 16. Bh6 Re8 17. Bb5 Bf8 18. Bg5 Qd5 19. Bxf6 Qxb5 20. Be5 Rac8
21. Qd2 Red8 22. Rfe1 Bg7 23. Qf4 Qxb2 24. h4 h5 25. Bxg7 Kxg7 26. Qe5+ Kg8 27.
Qf6 Qb3 28. Kg2 Rd5 29. Rc1 Rdd8 30. Rc7 Rf8 31. Rxa7 Rc2 32. Qf4 Qb2 33. Qe3
Rd8 34. Ra4 Rd5 35. Rb4 Qc3 36. Qxc3 Rxc3 37. Re3 Rc6 38. f4 Kf8 39. Kf3 Ke7
40. Reb3 Rdd6 41. Ke4 Kd7 42. a4 Ke7 43. Kd3 Kd7 44. Rb5 Ke7 45. R3b4 Kd7 46.
Ke4 Ke7 47. d5 exd5+ 48. Rxd5 Rxd5 49. Kxd5 Kd7 50. Rb5 Rd6+ 51. Ke4 Re6+ 52.
Kd3 Rf6 53. Rb4 Kc6 54. Ke4 1-0